[Event "GER-chW Blitz 2019"]
[Site "Magdeburg"]
[Date "2019.05.25"]
[Round "8.4"]
[White "Kunze, Kerstin"]
[Black "Schulze, Lara"]
[Result "1-0"]
[WhiteElo "2066"]
[BlackElo "2160"]
[Annotator "NA"]
[PlyCount "65"]
[EventDate "2019.05.25"]
[EventType "tourn"]
[EventCountry "GER"]
[SourceTitle "playchess.com"]
[Source "ChessBase"]
[SourceQuality "1"]
[TimeControl "180+2"]

1. e4 {[%emt 0:00:00]} e6 {[%emt 0:00:00]} 2. d4 {[%emt 0:00:01]} d5 {[%emt 0:00:00]} 3. exd5 {[%emt 0:00:04]} exd5 {[%emt 0:00:00]} 4. c4 {[%emt 0:00:01]} Nf6 {[%emt 0:00:03]} 5. Nf3 {[%emt 0:00:01]} Bb4+ {[%emt 0:00:07]} 6. Bd2 {[%emt 0:00:06]} Bxd2+ 7. Nbxd2 {[%emt 0:00:03]} O-O {[%emt 0:00:08]} 8. Be2 {[%emt 0:00:00]} dxc4 {[%emt 0:00:02]} 9. Nxc4 {[%emt 0:00:02]} Nc6 {[%emt 0:00:08]} 10. h3 {[%emt 0:00:08]} Nd5 {[%emt 0:00:04]} 11. Qd2 {[%emt 0:00:45]} Qf6 {[%emt 0:00:17]} 12. Nfe5 {[%emt 0:00:30]} Nce7 {[%emt 0:00:56]} 13. O-O {[%emt 0:00:13]} Qf4 {[%emt 0:00:06]} 14. Qxf4 {[%emt 0:00:13]} Nxf4 {[%emt 0:00:01]} 15. Bf3 {[%emt 0:00:00]} c6 {[%emt 0:00:05]} 16. Rfe1 {[%emt 0:00:04]} Ned5 {[%emt 0:00:06]} 17. Nd6 {[%emt 0:00:06]} f6 {[%emt 0:00:21]} 18. Nec4 {[%emt 0:00:10]} b5 {[%emt 0:00:14]} 19. Na5 {[%emt 0:00:07]} Bd7 {[%emt 0:00:27]} 20. Kh2 {[%emt 0:00:13]} Nd3 {[%emt 0:00:19]} 21. Re2 {[%emt 0:00:06]} N3f4 {[%emt 0:00:05]} 22. Rc2 {[%emt 0:00:07]} Nb4 {[%emt 0:00:06]} 23. Rd2 {[%emt 0:00:01]} Nfd5 {[%emt 0:00:03]} 24. a3 {[%emt 0:00:07]} Na6 {[%emt 0:00:04]} 25. Rc1 {[%emt 0:00:02]} Nb8 {[%emt 0:00:03]} 26. Nab7 {[%emt 0:00:08]} a5 {[%emt 0:00:04]} 27. Nc5 {[%emt 0:00:01]} Ra7 {[%emt 0:00:01]} 28. Nxd7 {[%emt 0:00:04]} Rxd7 {[%emt 0:00:00]} 29. Bxd5+ cxd5 {[%emt 0:00:03]} 30. Nxb5 {[%emt 0:00:03]} Rb7 {[%emt 0:00:01]} 31. a4 {[%emt 0:00:01]} Na6 {[%emt 0:00:03]} 32. Re2 {[%emt 0:00:05]} Kf7 {[%emt 0:00:02]} 33. Nd6+ {[%emt 0:00:02]} 1-0

[Event "GER-chW Blitz 2019"]
[Site "Magdeburg"]
[Date "2019.05.25"]
[Round "8.5"]
[White "Kreismann, Franziska"]
[Black "Kushka, Alena"]
[Result "0-1"]
[WhiteElo "1589"]
[BlackElo "2148"]
[Annotator "NA"]
[PlyCount "48"]
[EventDate "2019.05.25"]
[EventType "tourn"]
[EventCountry "GER"]
[SourceTitle "playchess.com"]
[Source "ChessBase"]
[SourceQuality "1"]
[TimeControl "180+2"]

1. d4 {[%emt 0:00:00]} Nf6 {[%emt 0:00:00]} 2. Nf3 {[%emt 0:00:05]} c5 {[%emt 0:00:00]} 3. e3 {[%emt 0:00:07]} b6 {[%emt 0:00:08]} 4. c4 {[%emt 0:00:14]} Bb7 {[%emt 0:00:05]} 5. d5 {[%emt 0:00:03]} g6 {[%emt 0:00:03]} 6. Nc3 {[%emt 0:00:02]} Bg7 {[%emt 0:00:01]} 7. Bd3 {[%emt 0:00:06]} O-O {[%emt 0:00:02]} 8. O-O {[%emt 0:00:04]} d6 {[%emt 0:00:03]} 9. Qc2 {[%emt 0:00:08]} e6 {[%emt 0:00:01]} 10. e4 {[%emt 0:00:09]} exd5 {[%emt 0:00:07]} 11. exd5 {[%emt 0:00:03]} Re8 {[%emt 0:00:07]} 12. Bf4 {[%emt 0:00:07]} Na6 {[%emt 0:00:09]} 13. a3 {[%emt 0:00:04]} Nc7 {[%emt 0:00:05]} 14. Rfe1 {[%emt 0:00:08]} Rxe1+ {[%emt 0:00:07]} 15. Rxe1 {[%emt 0:00:00]} b5 {[%emt 0:00:07]} 16. Nxb5 {[%emt 0:00:17]} Nxb5 {[%emt 0:00:03]} 17. cxb5 {[%emt 0:00:01]} Nxd5 {[%emt 0:00:10]} 18. Bd2 {[%emt 0:00:14]} Qd7 {[%emt 0:00:10]} 19. Be4 {[%emt 0:00:14]} Re8 {[%emt 0:00:19]} 20. Bxd5 {[%emt 0:00:13]} Bxd5 {[%emt 0:00:04]} 21. Rxe8+ {[%emt 0:00:02]} Qxe8 {[%emt 0:00:01]} 22. Qd3 {[%emt 0:00:23]} Bxf3 {[%emt 0:00:13]} 23. Qxf3 {[%emt 0:00:02]} Bxb2 {[%emt 0:00:04]} 24. Bh6 {[%emt 0:00:11]} Qe1# {[%emt 0:00:03]} 0-1

[Event "GER-chW Blitz 2019"]
[Site "Magdeburg"]
[Date "2019.05.25"]
[Round "8.6"]
[White "Daemering, Katrin"]
[Black "Ries, Jutta"]
[Result "1/2-1/2"]
[WhiteElo "2003"]
[BlackElo "2017"]
[Annotator "NA"]
[PlyCount "123"]
[EventDate "2019.05.25"]
[EventType "tourn"]
[EventCountry "GER"]
[SourceTitle "playchess.com"]
[Source "ChessBase"]
[SourceQuality "1"]
[TimeControl "180+2"]

1. Nf3 {[%emt 0:00:00]} d5 {[%emt 0:00:00]} 2. g3 {[%emt 0:00:01]} Nf6 {[%emt 0:00:01]} 3. Bg2 {[%emt 0:00:01]} g6 {[%emt 0:00:02]} 4. d3 {[%emt 0:00:01]} Bg7 {[%emt 0:00:01]} 5. Nbd2 {[%emt 0:00:02]} O-O {[%emt 0:00:01]} 6. O-O {[%emt 0:00:02]} Nbd7 {[%emt 0:00:02]} 7. c4 {[%emt 0:00:01]} e6 {[%emt 0:00:04]} 8. Rb1 {[%emt 0:00:03]} c6 {[%emt 0:00:05]} 9. b3 {[%emt 0:00:02]} Qc7 {[%emt 0:00:03]} 10. Bb2 {[%emt 0:00:05]} Re8 {[%emt 0:00:09]} 11. Rc1 {[%emt 0:00:03]} e5 {[%emt 0:00:04]} 12. cxd5 Nxd5 {[%emt 0:00:02]} 13. Nc4 {[%emt 0:00:22]} N5b6 {[%emt 0:00:20]} 14. Ne3 {[%emt 0:00:11]} Nf8 {[%emt 0:00:11]} 15. Qc2 {[%emt 0:00:14]} Be6 {[%emt 0:00:30]} 16. Ng5 {[%emt 0:00:07]} Rad8 {[%emt 0:00:16]} 17. Ne4 {[%emt 0:00:04]} Bd5 {[%emt 0:00:11]} 18. Nxd5 Nxd5 19. Nc5 {[%emt 0:00:21]} Nb4 {[%emt 0:00:08]} 20. Qb1 {[%emt 0:00:04]} Ne6 {[%emt 0:00:06]} 21. Ne4 {[%emt 0:00:14]} f5 {[%emt 0:00:06]} 22. Nd2 {[%emt 0:00:01]} Nd4 {[%emt 0:00:04]} 23. Rfe1 {[%emt 0:00:13]} Qd6 {[%emt 0:00:17]} 24. Nc4 {[%emt 0:00:05]} Qc7 {[%emt 0:00:04]} 25. Bc3 {[%emt 0:00:10]} Nd5 {[%emt 0:00:10]} 26. Bd2 {[%emt 0:00:01]} Nb6 {[%emt 0:00:06]} 27. Nxb6 {[%emt 0:00:09]} Qxb6 {[%emt 0:00:01]} 28. Be3 {[%emt 0:00:03]} Qa5 {[%emt 0:00:03]} 29. Bf1 {[%emt 0:00:14]} Rd7 {[%emt 0:00:03]} 30. Rc4 {[%emt 0:00:05]} Nb5 {[%emt 0:00:03]} 31. Rc5 {[%emt 0:00:10]} Qc7 {[%emt 0:00:03]} 32. Rec1 {[%emt 0:00:03]} Nd4 {[%emt 0:00:05]} 33. Qb2 {[%emt 0:00:06]} Qd6 {[%emt 0:00:01]} 34. Bg2 {[%emt 0:00:04]} Ne6 {[%emt 0:00:04]} 35. R5c4 {[%emt 0:00:06]} e4 {[%emt 0:00:01]} 36. Qb1 {[%emt 0:00:04]} exd3 {[%emt 0:00:01]} 37. exd3 {[%emt 0:00:07]} Qxd3 {[%emt 0:00:01]} 38. Qxd3 {[%emt 0:00:09]} Rxd3 {[%emt 0:00:01]} 39. Bf1 {[%emt 0:00:02]} Rd7 {[%emt 0:00:04]} 40. a4 {[%emt 0:00:07]} b5 {[%emt 0:00:06]} 41. Rxc6 {[%emt 0:00:03]} bxa4 {[%emt 0:00:01]} 42. bxa4 Nd8 {[%emt 0:00:04]} 43. Rc7 {[%emt 0:00:08]} Rxc7 {[%emt 0:00:03]} 44. Rxc7 {[%emt 0:00:01]} Ne6 {[%emt 0:00:17]} 45. Rxa7 {[%emt 0:00:01]} f4 {[%emt 0:00:01]} 46. gxf4 {[%emt 0:00:04]} Bh6 {[%emt 0:00:02]} 47. Bc4 {[%emt 0:00:03]} Kh8 {[%emt 0:00:04]} 48. Bxe6 {[%emt 0:00:05]} Rxe6 {[%emt 0:00:01]} 49. Ra8+ {[%emt 0:00:02]} Kg7 {[%emt 0:00:01]} 50. Bd4+ {[%emt 0:00:01]} Kf7 {[%emt 0:00:01]} 51. Be5 {[%emt 0:00:01]} Bf8 {[%emt 0:00:02]} 52. a5 {[%emt 0:00:02]} Bc5 {[%emt 0:00:02]} 53. a6 {[%emt 0:00:02]} g5 {[%emt 0:00:01]} 54. Kg2 {[%emt 0:00:02]} gxf4 {[%emt 0:00:02]} 55. Bxf4 {[%emt 0:00:01]} Rf6 {[%emt 0:00:01]} 56. Bg3 {[%emt 0:00:01]} Kg6 {[%emt 0:00:04]} 57. Rc8 {[%emt 0:00:02]} Ba7 {[%emt 0:00:03]} 58. Rc7 {[%emt 0:00:01]} Rxa6 {[%emt 0:00:02]} 59. h4 {[%emt 0:00:03]} Ra2 {[%emt 0:00:02]} 60. Rc6+ {[%emt 0:00:04]} Kf7 {[%emt 0:00:01]} 61. Rc7+ {[%emt 0:00:01]} Kg6 {[%emt 0:00:00]} 62. Rc6+ 1/2-1/2

[Event "GER-chW Blitz 2019"]
[Site "Magdeburg"]
[Date "2019.05.25"]
[Round "8.7"]
[White "Sieber, Fiona"]
[Black "Lubbe, Melanie"]
[Result "1-0"]
[WhiteElo "2250"]
[BlackElo "2278"]
[Annotator "NA"]
[PlyCount "99"]
[EventDate "2019.05.25"]
[EventType "tourn"]
[EventCountry "GER"]
[SourceTitle "playchess.com"]
[Source "ChessBase"]
[SourceQuality "1"]
[TimeControl "180+2"]

1. e4 {[%emt 0:00:00]} c5 {[%emt 0:00:00]} 2. Nf3 {[%emt 0:00:00]} d6 {[%emt 0:00:00]} 3. d4 {[%emt 0:00:02]} cxd4 {[%emt 0:00:01]} 4. Nxd4 {[%emt 0:00:01]} Nf6 {[%emt 0:00:00]} 5. Nc3 {[%emt 0:00:02]} Nc6 {[%emt 0:00:01]} 6. Bg5 {[%emt 0:00:02]} e6 {[%emt 0:00:07]} 7. Qd2 {[%emt 0:00:02]} Qb6 {[%emt 0:00:01]} 8. Bxf6 {[%emt 0:00:05]} gxf6 {[%emt 0:00:01]} 9. Nb3 {[%emt 0:00:01]} a6 {[%emt 0:00:03]} 10. O-O-O {[%emt 0:00:04]} Bd7 {[%emt 0:00:01]} 11. f4 {[%emt 0:00:02]} h5 {[%emt 0:00:02]} 12. Be2 {[%emt 0:00:04]} Be7 {[%emt 0:00:01]} 13. Rhf1 {[%emt 0:00:05]} O-O-O {[%emt 0:00:02]} 14. Rf3 {[%emt 0:00:22]} Rdg8 {[%emt 0:00:04]} 15. Bf1 {[%emt 0:00:08]} Kb8 {[%emt 0:00:02]} 16. a3 {[%emt 0:00:19]} h4 {[%emt 0:00:21]} 17. Na4 {[%emt 0:00:16]} Qc7 {[%emt 0:00:13]} 18. Qf2 {[%emt 0:00:12]} Na7 {[%emt 0:00:16]} 19. Nb6 {[%emt 0:00:07]} Bc6 {[%emt 0:00:04]} 20. Re1 {[%emt 0:00:30]} f5 {[%emt 0:00:12]} 21. Nd2 {[%emt 0:00:06]} Bf6 {[%emt 0:00:08]} 22. Rb3 {[%emt 0:00:05]} fxe4 {[%emt 0:00:17]} 23. Nxe4 {[%emt 0:00:05]} Be7 {[%emt 0:00:09]} 24. Bxa6 {[%emt 0:00:05]} d5 {[%emt 0:00:05]} 25. Nc5 {[%emt 0:00:07]} Rxg2 {[%emt 0:00:20]} 26. Qxg2 {[%emt 0:00:07]} Bxc5 {[%emt 0:00:01]} 27. Qg7 {[%emt 0:00:12]} Rd8 {[%emt 0:00:04]} 28. Qe5 {[%emt 0:00:10]} Bd6 {[%emt 0:00:14]} 29. Qd4 {[%emt 0:00:03]} Bxf4+ {[%emt 0:00:04]} 30. Kb1 {[%emt 0:00:00]} Bxh2 {[%emt 0:00:04]} 31. Bf1 {[%emt 0:00:07]} Bg3 {[%emt 0:00:02]} 32. Rd1 {[%emt 0:00:03]} e5 {[%emt 0:00:01]} 33. Qg4 {[%emt 0:00:03]} e4 {[%emt 0:00:06]} 34. a4 {[%emt 0:00:03]} d4 {[%emt 0:00:19]} 35. a5 {[%emt 0:00:09]} Bd5 {[%emt 0:00:04]} 36. Ra3 {[%emt 0:00:05]} Nc6 {[%emt 0:00:04]} 37. Bc4 {[%emt 0:00:06]} Bxc4 {[%emt 0:00:03]} 38. Nxc4 {[%emt 0:00:01]} Nb4 {[%emt 0:00:03]} 39. Qe2 {[%emt 0:00:03]} d3 {[%emt 0:00:04]} 40. cxd3 {[%emt 0:00:02]} exd3 {[%emt 0:00:01]} 41. Qe4 {[%emt 0:00:01]} Rc8 {[%emt 0:00:11]} 42. Rc3 {[%emt 0:00:02]} f6 {[%emt 0:00:06]} 43. Nb6 {[%emt 0:00:01]} Qxc3 {[%emt 0:00:11]} 44. bxc3 {[%emt 0:00:01]} Rd8 {[%emt 0:00:04]} 45. cxb4 {[%emt 0:00:02]} Be5 {[%emt 0:00:02]} 46. Rxd3 {[%emt 0:00:02]} Re8 {[%emt 0:00:02]} 47. Qf3 {[%emt 0:00:01]} Rh8 {[%emt 0:00:02]} 48. Nd7+ {[%emt 0:00:01]} Kc7 {[%emt 0:00:01]} 49. Nxe5 {[%emt 0:00:01]} fxe5 {[%emt 0:00:01]} 50. Rc3+ {[%emt 0:00:01]} 1-0

[Event "GER-chW Blitz 2019"]
[Site "Magdeburg"]
[Date "2019.05.25"]
[Round "8.8"]
[White "Osmanodja, Filiz"]
[Black "Fuchs, Judith"]
[Result "1/2-1/2"]
[WhiteElo "2260"]
[BlackElo "2218"]
[Annotator "NA"]
[PlyCount "101"]
[EventDate "2019.05.25"]
[EventType "tourn"]
[EventCountry "GER"]
[SourceTitle "playchess.com"]
[Source "ChessBase"]
[SourceQuality "1"]
[TimeControl "180+2"]

1. e4 {[%emt 0:00:00]} c6 {[%emt 0:00:00]} 2. d4 {[%emt 0:00:01]} d5 {[%emt 0:00:00]} 3. exd5 {[%emt 0:00:01]} cxd5 {[%emt 0:00:00]} 4. Bd3 {[%emt 0:00:01]} Nc6 {[%emt 0:00:01]} 5. c3 {[%emt 0:00:01]} Qc7 {[%emt 0:00:01]} 6. h3 {[%emt 0:00:01]} Nf6 {[%emt 0:00:04]} 7. Ne2 {[%emt 0:00:05]} e5 {[%emt 0:00:19]} 8. dxe5 {[%emt 0:00:14]} Nxe5 {[%emt 0:00:01]} 9. Bb5+ {[%emt 0:00:01]} Bd7 {[%emt 0:00:03]} 10. Bxd7+ {[%emt 0:00:06]} Qxd7 {[%emt 0:00:05]} 11. Bf4 {[%emt 0:00:15]} Ng6 {[%emt 0:00:05]} 12. Be3 {[%emt 0:00:09]} Bd6 {[%emt 0:00:04]} 13. O-O {[%emt 0:00:19]} O-O {[%emt 0:00:01]} 14. Nd2 {[%emt 0:00:10]} Rfe8 {[%emt 0:00:02]} 15. Nf3 {[%emt 0:00:18]} Bc7 {[%emt 0:00:20]} 16. Ned4 {[%emt 0:00:25]} Ne4 {[%emt 0:00:11]} 17. Re1 {[%emt 0:00:11]} a6 {[%emt 0:00:02]} 18. Nd2 {[%emt 0:00:35]} Qd6 {[%emt 0:00:09]} 19. N4f3 {[%emt 0:00:15]} Rad8 {[%emt 0:00:30]} 20. Nxe4 {[%emt 0:00:12]} dxe4 {[%emt 0:00:01]} 21. Qxd6 {[%emt 0:00:01]} Rxd6 {[%emt 0:00:03]} 22. Nd4 {[%emt 0:00:05]} Ne5 {[%emt 0:00:03]} 23. Bf4 {[%emt 0:00:09]} Rb6 {[%emt 0:00:40]} 24. Rxe4 {[%emt 0:00:04]} f6 {[%emt 0:00:11]} 25. Bxe5 {[%emt 0:00:03]} fxe5 {[%emt 0:00:04]} 26. Nb3 {[%emt 0:00:01]} Rd8 {[%emt 0:00:01]} 27. Kf1 {[%emt 0:00:05]} Rf6 {[%emt 0:00:07]} 28. Ke2 {[%emt 0:00:03]} Bb6 {[%emt 0:00:01]} 29. f3 {[%emt 0:00:00]} Bc7 {[%emt 0:00:01]} 30. Rd1 {[%emt 0:00:02]} Rxd1 {[%emt 0:00:03]} 31. Kxd1 {[%emt 0:00:01]} Rd6+ {[%emt 0:00:01]} 32. Ke2 {[%emt 0:00:01]} Rg6 {[%emt 0:00:00]} 33. Rg4 {[%emt 0:00:04]} Rb6 {[%emt 0:00:04]} 34. Re4 {[%emt 0:00:05]} Kf7 {[%emt 0:00:01]} 35. Ke1 {[%emt 0:00:01]} Kf6 {[%emt 0:00:01]} 36. Ke2 {[%emt 0:00:01]} a5 {[%emt 0:00:01]} 37. Nd2 {[%emt 0:00:04]} Rxb2 38. a4 {[%emt 0:00:02]} Rb6 {[%emt 0:00:06]} 39. Rc4 {[%emt 0:00:01]} Bd8 {[%emt 0:00:02]} 40. Ne4+ {[%emt 0:00:01]} Kf7 {[%emt 0:00:02]} 41. Rc8 {[%emt 0:00:01]} Ke7 {[%emt 0:00:02]} 42. Nc5 {[%emt 0:00:02]} Rb2+ {[%emt 0:00:05]} 43. Ke3 {[%emt 0:00:02]} b6 {[%emt 0:00:01]} 44. Nb7 {[%emt 0:00:01]} Rxg2 45. Rxd8 {[%emt 0:00:03]} Rc2 {[%emt 0:00:05]} 46. Rc8 {[%emt 0:00:01]} Kd7 {[%emt 0:00:02]} 47. Rc4 {[%emt 0:00:03]} Rh2 {[%emt 0:00:02]} 48. h4 {[%emt 0:00:01]} g6 {[%emt 0:00:02]} 49. Kd3 {[%emt 0:00:04]} Rf2 {[%emt 0:00:01]} 50. Ke3 {[%emt 0:00:01]} Rh2 {[%emt 0:00:00]} 51. Kd3 {[%emt 0:00:04]} 1/2-1/2

[Event "GER-chW Blitz 2019"]
[Site "Magdeburg"]
[Date "2019.05.25"]
[Round "8.9"]
[White "Michna, Marta"]
[Black "Kotyk, Valeriya"]
[Result "1-0"]
[WhiteElo "2355"]
[BlackElo "1739"]
[Annotator "NA"]
[PlyCount "85"]
[EventDate "2019.05.25"]
[EventType "tourn"]
[EventCountry "GER"]
[SourceTitle "playchess.com"]
[Source "ChessBase"]
[SourceQuality "1"]
[TimeControl "180+2"]

1. Nf3 {[%emt 0:00:00]} d5 {[%emt 0:00:01]} 2. g3 {[%emt 0:00:00]} g6 {[%emt 0:00:07]} 3. Bg2 {[%emt 0:00:00]} Bg7 {[%emt 0:00:01]} 4. O-O {[%emt 0:00:01]} c6 {[%emt 0:00:03]} 5. d3 {[%emt 0:00:01]} e6 {[%emt 0:00:07]} 6. Nbd2 {[%emt 0:00:02]} Ne7 {[%emt 0:00:02]} 7. e4 {[%emt 0:00:01]} dxe4 {[%emt 0:00:04]} 8. dxe4 {[%emt 0:00:01]} Nd7 {[%emt 0:00:02]} 9. a4 {[%emt 0:00:07]} O-O {[%emt 0:00:11]} 10. Nc4 {[%emt 0:00:16]} b5 {[%emt 0:00:37]} 11. axb5 {[%emt 0:00:04]} cxb5 {[%emt 0:00:01]} 12. Nd6 {[%emt 0:00:03]} Qc7 {[%emt 0:00:04]} 13. Nxb5 {[%emt 0:00:09]} Qb6 {[%emt 0:00:04]} 14. Na3 {[%emt 0:00:07]} Rd8 {[%emt 0:00:11]} 15. Nc4 {[%emt 0:00:21]} Qc5 {[%emt 0:00:02]} 16. Qe2 {[%emt 0:00:05]} Bb7 {[%emt 0:00:08]} 17. Be3 {[%emt 0:00:11]} Qc7 {[%emt 0:00:02]} 18. Bxa7 {[%emt 0:00:07]} Rdc8 {[%emt 0:00:14]} 19. Nfd2 {[%emt 0:00:06]} Nc6 {[%emt 0:00:15]} 20. Be3 {[%emt 0:00:04]} Nce5 {[%emt 0:00:16]} 21. Nxe5 {[%emt 0:00:07]} Qxe5 {[%emt 0:00:07]} 22. c3 {[%emt 0:00:04]} Nf6 {[%emt 0:00:10]} 23. Bd4 {[%emt 0:00:03]} Qc7 {[%emt 0:00:04]} 24. h3 {[%emt 0:00:14]} Rcb8 {[%emt 0:00:08]} 25. Kh2 {[%emt 0:00:25]} Bc6 {[%emt 0:00:04]} 26. Rxa8 {[%emt 0:00:02]} Rxa8 {[%emt 0:00:01]} 27. Qc4 {[%emt 0:00:11]} Qb7 {[%emt 0:00:06]} 28. Qb3 {[%emt 0:00:16]} Qxb3 {[%emt 0:00:05]} 29. Nxb3 {[%emt 0:00:00]} Bxe4 {[%emt 0:00:21]} 30. Bxf6 {[%emt 0:00:03]} Bxg2 {[%emt 0:00:02]} 31. Kxg2 {[%emt 0:00:01]} Bxf6 {[%emt 0:00:01]} 32. Nc5 {[%emt 0:00:05]} Rc8 {[%emt 0:00:05]} 33. Ne4 {[%emt 0:00:05]} Bg7 {[%emt 0:00:02]} 34. Rd1 {[%emt 0:00:02]} Kf8 {[%emt 0:00:05]} 35. Rd7 {[%emt 0:00:05]} Ke8 {[%emt 0:00:01]} 36. Rxf7 {[%emt 0:00:05]} Kxf7 {[%emt 0:00:05]} 37. Nd6+ {[%emt 0:00:00]} Kf6 {[%emt 0:00:02]} 38. Nxc8 {[%emt 0:00:02]} Ke5 {[%emt 0:00:01]} 39. b3 {[%emt 0:00:19]} Ke4 {[%emt 0:00:04]} 40. c4 {[%emt 0:00:07]} Kd4 {[%emt 0:00:03]} 41. Nd6 {[%emt 0:00:08]} Kc3 {[%emt 0:00:01]} 42. c5 {[%emt 0:00:02]} Bf8 {[%emt 0:00:09]} 43. Nb7 {[%emt 0:00:01]} 1-0

[Event "GER-chW Blitz 2019"]
[Site "Magdeburg"]
[Date "2019.05.25"]
[Round "8.10"]
[White "Muetsch, Annmarie"]
[Black "Silz, Elisa"]
[Result "1-0"]
[WhiteElo "2266"]
[BlackElo "1977"]
[Annotator "NA"]
[PlyCount "89"]
[EventDate "2019.05.25"]
[EventType "tourn"]
[EventCountry "GER"]
[SourceTitle "playchess.com"]
[Source "ChessBase"]
[SourceQuality "1"]
[TimeControl "180+2"]

1. e4 {[%emt 0:00:00]} g6 {[%emt 0:00:00]} 2. d4 {[%emt 0:00:00]} Bg7 {[%emt 0:00:00]} 3. Nc3 {[%emt 0:00:01]} d6 {[%emt 0:00:00]} 4. f4 {[%emt 0:00:01]} Nf6 {[%emt 0:00:00]} 5. Nf3 {[%emt 0:00:01]} O-O {[%emt 0:00:02]} 6. Bd3 {[%emt 0:00:03]} c5 {[%emt 0:00:05]} 7. dxc5 {[%emt 0:00:12]} dxc5 {[%emt 0:00:01]} 8. O-O {[%emt 0:00:02]} Nc6 {[%emt 0:00:10]} 9. e5 {[%emt 0:00:05]} Nd5 {[%emt 0:00:05]} 10. Ne4 {[%emt 0:00:15]} b6 {[%emt 0:00:06]} 11. c3 {[%emt 0:00:04]} h6 {[%emt 0:00:10]} 12. Qe2 {[%emt 0:00:02]} Bb7 {[%emt 0:00:08]} 13. Bd2 {[%emt 0:00:10]} Rc8 {[%emt 0:00:10]} 14. Rad1 {[%emt 0:00:03]} Qc7 {[%emt 0:00:03]} 15. Ng3 {[%emt 0:00:11]} e6 {[%emt 0:00:13]} 16. Ne4 {[%emt 0:00:03]} Nce7 {[%emt 0:00:05]} 17. Nd6 {[%emt 0:00:05]} Rcd8 {[%emt 0:00:01]} 18. a3 {[%emt 0:00:11]} Nf5 {[%emt 0:00:08]} 19. Nxb7 {[%emt 0:00:17]} Qxb7 {[%emt 0:00:01]} 20. Be4 {[%emt 0:00:04]} Qe7 {[%emt 0:00:09]} 21. Qf2 {[%emt 0:00:15]} Rd7 {[%emt 0:00:11]} 22. g4 {[%emt 0:00:05]} Nd6 {[%emt 0:00:17]} 23. exd6 {[%emt 0:00:02]} Qxd6 {[%emt 0:00:01]} 24. Bc1 {[%emt 0:00:12]} Qc7 {[%emt 0:00:17]} 25. Bxd5 {[%emt 0:00:04]} exd5 {[%emt 0:00:01]} 26. Rfe1 {[%emt 0:00:05]} Rfd8 {[%emt 0:00:05]} 27. Ne5 {[%emt 0:00:02]} Re7 {[%emt 0:00:09]} 28. Nf3 {[%emt 0:00:10]} Red7 {[%emt 0:00:02]} 29. f5 {[%emt 0:00:09]} gxf5 {[%emt 0:00:06]} 30. gxf5 {[%emt 0:00:01]} Kh8 {[%emt 0:00:07]} 31. Qh4 {[%emt 0:00:04]} Qd6 {[%emt 0:00:04]} 32. Bf4 {[%emt 0:00:04]} Qc6 {[%emt 0:00:10]} 33. Ne5 {[%emt 0:00:08]} Bxe5 {[%emt 0:00:08]} 34. Bxe5+ {[%emt 0:00:01]} Kh7 {[%emt 0:00:03]} 35. Bg3 {[%emt 0:00:22]} d4 {[%emt 0:00:06]} 36. c4 {[%emt 0:00:06]} b5 {[%emt 0:00:04]} 37. cxb5 {[%emt 0:00:04]} Qxb5 {[%emt 0:00:03]} 38. Qe4 {[%emt 0:00:06]} d3 {[%emt 0:00:15]} 39. f6+ {[%emt 0:00:02]} Kh8 {[%emt 0:00:01]} 40. Qf4 {[%emt 0:00:04]} Kh7 {[%emt 0:00:20]} 41. Qf5+ {[%emt 0:00:01]} Kh8 {[%emt 0:00:02]} 42. Qh5 {[%emt 0:00:01]} Kh7 {[%emt 0:00:01]} 43. Re7 {[%emt 0:00:10]} Qc4 {[%emt 0:00:12]} 44. Qf5+ {[%emt 0:00:05]} Kh8 {[%emt 0:00:02]} 45. Rxd7 {[%emt 0:00:02]} 1-0

[Event "GER-chW Blitz 2019"]
[Site "Magdeburg"]
[Date "2019.05.25"]
[Round "8.11"]
[White "Siegl, Melina"]
[Black "Rath, Alina"]
[Result "0-1"]
[WhiteElo "2029"]
[BlackElo "2042"]
[Annotator "NA"]
[PlyCount "46"]
[EventDate "2019.05.25"]
[EventType "tourn"]
[EventCountry "GER"]
[SourceTitle "playchess.com"]
[Source "ChessBase"]
[SourceQuality "1"]
[TimeControl "180+2"]

1. e4 {[%emt 0:00:00]} c5 {[%emt 0:00:00]} 2. Nf3 {[%emt 0:00:01]} Nc6 {[%emt 0:00:00]} 3. d3 {[%emt 0:00:01]} g6 {[%emt 0:00:01]} 4. g3 {[%emt 0:00:01]} Bg7 {[%emt 0:00:01]} 5. Bg2 {[%emt 0:00:01]} e5 {[%emt 0:00:01]} 6. c3 {[%emt 0:00:02]} Nge7 {[%emt 0:00:01]} 7. O-O {[%emt 0:00:03]} O-O {[%emt 0:00:01]} 8. Be3 {[%emt 0:00:02]} d6 {[%emt 0:00:01]} 9. Qd2 {[%emt 0:00:03]} f5 {[%emt 0:00:01]} 10. Bh6 {[%emt 0:00:08]} f4 {[%emt 0:00:01]} 11. Bxg7 {[%emt 0:00:03]} Kxg7 {[%emt 0:00:01]} 12. d4 {[%emt 0:00:12]} h6 {[%emt 0:00:14]} 13. Na3 {[%emt 0:00:04]} g5 {[%emt 0:00:07]} 14. h3 {[%emt 0:00:40]} Ng6 {[%emt 0:00:07]} 15. Kh2 {[%emt 0:00:09]} Qe7 {[%emt 0:00:02]} 16. Rfe1 {[%emt 0:00:15]} h5 {[%emt 0:00:10]} 17. Ng1 {[%emt 0:00:22]} cxd4 {[%emt 0:00:12]} 18. cxd4 {[%emt 0:00:11]} Nxd4 {[%emt 0:00:03]} 19. Qd1 {[%emt 0:00:19]} g4 {[%emt 0:00:10]} 20. h4 {[%emt 0:00:09]} Nxh4 {[%emt 0:00:15]} 21. gxf4 {[%emt 0:00:22]} Rxf4 {[%emt 0:00:13]} 22. Rf1 {[%emt 0:00:18]} Nhf3+ {[%emt 0:00:13]} 23. Bxf3 {[%emt 0:00:05]} Qh4+ {[%emt 0:00:11]} 0-1

[Event "GER-chW Blitz 2019"]
[Site "Magdeburg"]
[Date "2019.05.25"]
[Round "8.12"]
[White "Hofmann, Karina"]
[Black "Birkholz, Olga"]
[Result "0-1"]
[WhiteElo "1700"]
[BlackElo "2031"]
[Annotator "NA"]
[PlyCount "58"]
[EventDate "2019.05.25"]
[EventType "tourn"]
[EventCountry "GER"]
[SourceTitle "playchess.com"]
[Source "ChessBase"]
[SourceQuality "1"]
[TimeControl "180+2"]

1. f4 {[%emt 0:00:00]} d6 {[%emt 0:00:00]} 2. Nf3 {[%emt 0:00:01]} g6 {[%emt 0:00:01]} 3. e3 {[%emt 0:00:01]} Bg7 {[%emt 0:00:01]} 4. Nc3 {[%emt 0:00:01]} Nc6 {[%emt 0:00:02]} 5. Bb5 {[%emt 0:00:01]} Bd7 {[%emt 0:00:02]} 6. b3 {[%emt 0:00:01]} a6 {[%emt 0:00:01]} 7. Bxc6 {[%emt 0:00:01]} Bxc6 {[%emt 0:00:02]} 8. Bb2 {[%emt 0:00:01]} Nf6 {[%emt 0:00:03]} 9. Qe2 {[%emt 0:00:02]} Qd7 {[%emt 0:00:04]} 10. h3 {[%emt 0:00:01]} h5 {[%emt 0:00:06]} 11. O-O-O {[%emt 0:00:03]} O-O-O {[%emt 0:00:05]} 12. Nd4 {[%emt 0:00:06]} e5 {[%emt 0:00:07]} 13. fxe5 {[%emt 0:00:08]} dxe5 {[%emt 0:00:01]} 14. Nxc6 {[%emt 0:00:08]} Qxc6 {[%emt 0:00:02]} 15. Rhg1 {[%emt 0:00:10]} Kb8 {[%emt 0:00:01]} 16. Qf3 {[%emt 0:00:07]} Qe6 {[%emt 0:00:30]} 17. Rdf1 {[%emt 0:00:02]} Rhf8 {[%emt 0:00:14]} 18. Ne4 {[%emt 0:00:02]} Nxe4 19. Qxe4 {[%emt 0:00:01]} f5 {[%emt 0:00:07]} 20. Qa4 {[%emt 0:00:10]} Qd6 {[%emt 0:00:05]} 21. d3 {[%emt 0:00:11]} Bh6 {[%emt 0:00:07]} 22. Re1 {[%emt 0:00:06]} Qc5 {[%emt 0:00:04]} 23. d4 exd4 {[%emt 0:00:04]} 24. Bxd4 {[%emt 0:00:09]} Rxd4 {[%emt 0:00:03]} 25. c4 {[%emt 0:00:14]} Rd3 {[%emt 0:00:06]} 26. Kc2 {[%emt 0:00:05]} Rxe3 {[%emt 0:00:04]} 27. Rd1 {[%emt 0:00:06]} Re2+ {[%emt 0:00:04]} 28. Kb1 {[%emt 0:00:02]} Qe5 {[%emt 0:00:09]} 29. Qd7 {[%emt 0:00:08]} Qb2# {[%emt 0:00:45]} 0-1